书目信息 |
| 题名: |
老北京的记忆
|
|
| 作者: | 刘秋霖 著 | |
| 分册: | ||
| 出版信息: | 天津 百花文艺出版社 2015.01 |
|
| 页数: | 202页 | |
| 开本: | 21cm | |
| 丛书名: | ||
| 单 册: | ||
| 中图分类: | K291 | |
| 科图分类: | ||
| 主题词: | ||
| 电子资源: | ||
| ISBN: | 978-7-5306-6529-9 | |
| 000 | 00774nam0 2200241 450 | |
| 001 | CAL 0120141434648 | |
| 005 | 20150819163739.59 | |
| 010 | @a978-7-5306-6529-9@dCNY28.00 | |
| 100 | @a20141117d2015 em y0chiy50 ea | |
| 101 | 0 | @achi |
| 102 | @aCN@b120000 | |
| 105 | @aa z 000yy | |
| 106 | @ar | |
| 200 | 1 | @a老北京的记忆@Alao bei jing de ji yi@f刘秋霖 ... [等] 著 |
| 210 | @a天津@c百花文艺出版社@d2015.01 | |
| 215 | @a202页@c图@d21cm | |
| 330 | @a本书内容包括: 老北京的庙会 ; 老北京的春节 ; 老北京的天主教堂 ; 老北京的牌坊 ; 老北京的城池 ; 老北京的堂会 ; 老北京的商业等。 | |
| 586 | @a | |
| 607 | @a北京@Abei jing@x地方史@x史料 | |
| 690 | @aK291@v5 | |
| 701 | 0 | @a刘秋霖@Aliu qiu lin@4著 |
| 801 | 0 | @aCN@c20150820 |
| 905 | @a河南城建学院图书馆@dK291@eL660@f3 | |
| 老北京的记忆/刘秋霖 ... [等] 著.-天津:百花文艺出版社,2015.01 |
| 202页:图;21cm |
| ISBN 978-7-5306-6529-9:CNY28.00 |
| 本书内容包括: 老北京的庙会 ; 老北京的春节 ; 老北京的天主教堂 ; 老北京的牌坊 ; 老北京的城池 ; 老北京的堂会 ; 老北京的商业等。 |
| ● |
| 相关链接 |
|
|
|
正题名:老北京的记忆
索取号:K291/L660
 
预约/预借
| 序号 | 登录号 | 条形码 | 馆藏地/架位号 | 状态 | 备注 |
| 1 | 1166497 | 211664974 | 社科库309/309社科库 38排2列6层/ [索取号:K291/L660] | 在馆 | |
| 2 | 1166498 | 211664983 | 社科库309/309社科库 38排2列6层/ [索取号:K291/L660] | 在馆 | |
| 3 | 1166499 | 211664992 | 社科库309/309社科库 38排2列6层/ [索取号:K291/L660] | 在馆 |